| 000 | 00493nam a22001817a 4500 | ||
|---|---|---|---|
| 999 |
_c6034 _d6034 |
||
| 003 | AR-CdUCM | ||
| 008 | 190313b ||||| |||| 00| 0 spa d | ||
| 040 |
_aMUNICIPALIDAD PROVINCIAL DEL CUSCO _cBIBLIOTECA MUNICIPAL DEL CUSCO |
||
| 082 |
_a895.103 / _bM29 |
||
| 100 |
_aMao Tsetung _917616 |
||
| 245 | _aPoemas / | ||
| 260 |
_aChina : _bLenguas extranjeras, _c1978. |
||
| 300 |
_a70 páginas ; _c21 cm. |
||
| 505 | _aPoemas. | ||
| 650 |
_aPoemas. _9929 |
||
| 942 |
_2ddc _cLIBROS |
||
| 945 | _awfj | ||